L'Appel des armes / (Record no. 123230)

MARC details
000 -LEADER
campo de control de longitud fija 00563nam a2200193 i 4500
001 - NÚMERO DE CONTROL
campo de control 123230
003 - IDENTIFICADOR DE NÚMERO DE CONTROL
campo de control ES-MaACL
005 - FECHA Y HORA DE LA ÚLTIMA TRANSACCIÓN
campo de control 20250828130310.0
007 - CAMPO FIJO DE DESCRIPCIÓN FÍSICA--INFORMACIÓN GENERAL
campo de control de longitud fija t|
008 - DATOS DE LONGITUD FIJA--INFORMACIÓN GENERAL
campo de control de longitud fija 070214s1919 fr r ||||0| fre d
100 1# - ENTRADA PRINCIPAL--NOMBRE DE PERSONA
Nombre de persona Psichari, Ernest.
9 (RLIN) 94104
245 12 - MENCIÓN DEL TÍTULO
Título L'Appel des armes /
Mención de responsabilidad, etc. Ernest Psichari.
250 ## - MENCION DE EDICION
Mención de edición Nouvelle éd
Resto de la mención de edición augm. d'une préface de Mgr. Baudrillart.
260 ## - PUBLICACIÓN, DISTRIBUCIÓN, ETC.
Lugar de publicación, distribución, etc. Paris :
Nombre del editor, distribuidor, etc. Lahure,
Fecha de publicación, distribución, etc. 1919.
300 ## - DESCRIPCIÓN FÍSICA
Extensión 324 p ;
Dimensiones 18 x 11 cm.
700 1# - ENTRADA AGREGADA--NOMBRE PERSONAL
Nombre de persona Baudrillart, Alfred,
Fechas asociadas al nombre 1859-1942
9 (RLIN) 26535
852 ## - LOCALIZACIÓN
Ubicación ES-MaACL
Número de control de estantería F-4765
Holdings
Estatus retirado Estado de pérdida Estado de daño No para préstamo Biblioteca de origen Biblioteca actual Ubicación en estantería Fecha de adquisición Fuente de adquisición Total de préstamos Signatura topográfica completa Código de barras Visto por última vez Precio de reemplazo Tipo de ítem Koha
        Biblioteca del Ateneo de Madrid Biblioteca del Ateneo de Madrid Depósito 2 17/01/2008     F-4765 1128402 23/02/2023 23/02/2023 Libro impreso